Handbook of Research in Early Childhood Education/ (Record no. 202869)
[ view plain ]
| 000 -LEADER | |
|---|---|
| fixed length control field | 00578 a2200193 4500 |
| 005 - DATE AND TIME OF LATEST TRANSACTION | |
| control field | 20240515140732.0 |
| 010 ## - LCCN (DPL NO) | |
| LC control number | B-759046 |
| 020 ## - INTERNATIONAL STANDARD BOOK NUMBER | |
| International Standard Book Number | 0029305705 |
| Terms of availability | 0.00 |
| 035 ## - SYSTEM CONTROL NUMBER | |
| System control number | B-759046 |
| 037 ## - SOURCE OF ACQUISITION | |
| Source of stock number/acquisition | Gift/Unesco |
| 082 ## - DEWEY DECIMAL CLASSIFICATION NUMBER | |
| Classification number | 372.21 |
| 245 ## - TITLE STATEMENT | |
| Title | Handbook of Research in Early Childhood Education/ |
| Statement of responsibility, etc | Edited by- Bernark Spodek |
| 260 ## - PUBLICATION, DISTRIBUTION, ETC. (IMPRINT) | |
| Place of publication, distribution, etc | London |
| Name of publisher, distributor, etc | The Free Press |
| Date of publication, distribution, etc | 1982 |
| 270 ## - ADDRESS | |
| City | London |
| 300 ## - PHYSICAL DESCRIPTION | |
| Extent | xvii,677 p. |
| Dimensions | 26cm (Hb) |
| 700 ## - ADDED ENTRY--PERSONAL NAME | |
| Personal name | Spodek, Bernark |
| 9 (RLIN) | 66226 |
| 942 ## - ADDED ENTRY ELEMENTS (KOHA) | |
| Institution code [OBSOLETE] | dpl |
| Item type | English Books |
| Source of classification or shelving scheme | Dewey Decimal Classification |
| Classification part | 372.21 |
| Call number suffix | HAN |
| Withdrawn status | Lost status | Not for loan | Collection code | Home library | Current library | Date acquired | Source of acquisition | Cost, normal purchase price | Full call number | Barcode | Copy number | Cost, replacement price | Koha item type | Public note |
|---|---|---|---|---|---|---|---|---|---|---|---|---|---|---|
| Non-fiction | Mobile Library | Mobile Library | 15/05/2024 | Gift/10.5.24 | 0.00 | 372.21 HAN | B-759046 | 1 | 0.00 | English Books | Gift |
